The siege of the South Pole

I tiakina i:
Ngā taipitopito rārangi puna kōrero
Kaituhi matua: Mill, Hugh Robert (autor)
Hōputu: Pukapuka
Reo:Ingarihi
I whakaputaina: Londres Alston Rivers 1905
Putanga:1a. ed
Ngā marau:
Ngā Tūtohu: Tāpirihia he Tūtohu
Kāore He Tūtohu, Me noho koe te mea tuatahi ki te tūtohu i tēnei pūkete!

MARC

LEADER 00000nam a2200000 a 4500
001 UCP7912
003 CL-VaPUC
005 20250425113955.0
008 000106e19050000UK |||||||||||||||||eng|d
999 |c 284949  |d 284947 
040 |c Pontificia Universidad Católica de Valparaíso 
082 0 4 |a 910.4  |b MILL  |2 21 
100 |a Mill, Hugh Robert  |e autor  |9 437606 
245 1 4 |a The siege of the South Pole 
250 |a 1a. ed 
260 |a Londres  |b Alston Rivers  |c 1905 
300 |a 453 p 
500 |a Incluye Mapas, Diagramas y otras Ilustraciones 
500 |a By Hugh Robert Mill, Ll. D., D. Sc., with maps, diagrams and other illustrations by J. G. Bartholomew 
583 |a last modification  |c 20000106 00:00:00  |k Rodrigo Vera 
600 0 7 |a COOK, JAMES  |2 CL-VaPUC  |9 437607 
600 0 7 |a ROSS, JAMES CLARK  |2 CL-VaPUC  |9 437608 
600 0 7 |a DRYGALSKI, ERICH VON  |2 CL-VaPUC  |9 437609 
600 0 7 |a MURRAY, JOHN  |2 CL-VaPUC  |9 437610 
600 0 |a Weddell, James  |9 437611 
600 0 7 |a HUMBOLDT, FEDERICO ENRIQUE ALEJANDRO  |2 CL-VaPUC  |9 437612 
600 0 7 |a D'URBILLE, DUMONT  |2 CL-VaPUC  |9 437613 
600 0 |a Wilkes, Charles  |9 437614 
600 0 7 |a Markham, Clements Robert,  |d 1830-1916  |9 862880 
600 0 7 |a NORDENS KIOLD, OTTO  |2 CL-VaPUC  |9 437616 
650 7 |a EXPLORACIONES  |2 CL-VaPUC  |9 371735 
650 0 |a Expediciones científicas  |9 265222 
650 0 |a Viajes  |9 257115 
650 0 |a Descubrimientos geográficos  |9 331933 
650 0 |a Mapas  |9 260844 
650 0 |a Relatos  |9 369412 
651 0 |a Polo Sur   |9 262122 
651 0 |a Antártica (Antártida)  |9 324088 
942 |c BK  |2 ddc 
945 |d 20000106 00:00:00  |a rherrera 
952 |0 0  |1 0  |4 0  |6 910_400000000000000_MILL_1905  |7 0  |8 X  |9 329269  |a BIBHIS  |b BIBHIS  |d 2019-11-20  |i 1376330  |o 910.4 MILL 1905  |p 1376330  |r 2024-01-30  |w 2019-11-20  |y BK_X  |k HIS 
952 |0 0  |1 0  |4 0  |6 910_400000000000000_MILL_1905  |7 0  |8 X  |9 329270  |a FDOBUD  |b FDOBUD  |d 2019-11-20  |i 1035002  |o 910.4 MILL 1905  |p 1035002  |r 2019-11-20  |w 2019-11-20  |y BK_X  |k BUD